000 01219nam0a22003011 4500
001 rc\4061660
005 20250611074517.0
021 _aRU
_b[50-27058]
035 _a(NLR Aleph) 008113276
090 _a9317867
_c9317867
100 _a20130415d1950 |||y0rusy50 ca
101 0 _arus
102 _aRU
105 _aa z |||||
200 1 _aРуководство по раскряжевке стволов липы, осины и ольхи
210 _aМосква
_aЛенинград
_cГослесбумиздат
_d1950
_g20-я тип. Союзполиграфпрома в М.
215 _a71 с.
_cил.
_d22
300 _aПеред загл. авт.: А.С. Матвеев-Мотин и Н.Н. Родников
606 _aОльха
_xВалка и раскряжевка
_2psbo
606 _aЛипа
_xВалка и раскряжевка
_2psbo
606 _aОсина
_xВалка и раскряжевка
_2psbo
700 1 _aМатвеев-Мотин
_bА.С.
_gАлексей Степанович
701 1 _aРодников
_bН.Н.
_gНиколай Николаевич
801 0 _aRU
_bNLR
_gpsbo
801 1 _aRU
_bELAR
_2rusmarc
852 _aNLR
_jС60 Г-6/168
942 _cBOOK
980 _aNB